Kluby piłkarskie Ekstraklasy sezonu 25/26-według tabeli po 2. kolejce - Statystyki

Ogólne statystyki
  • Ten quiz został rozwiązany 18 razy
  • Średni wynik to 16 z 18
Statystyki odpowiedzi
Hint Odpowiedź % Poprawnych
18 Lechia Gdańsk
100%
10 Lech Poznań
100%
6 Legia
100%
11 Motor Lublin
100%
13 GKS Katowice
93%
12 Jagiellonia Białystok
93%
17 Korona Kielce
93%
16 Piast Gliwice
93%
8 Raków Częstochowa
93%
7 Widzew Łódź
93%
2 Wisła Płock
93%
14 Zagłębie Lubin
93%
15 Arka Gdynia
86%
1 Cracovia
86%
3 Górnik Zabrze
86%
9 Pogoń Szczecin
86%
4 Radomiak Radom
86%
5 Bruk-Bet Termalica
71%
Nie znaleziono quizów pasujących do podanych kryteriów
Rozkład punktacji
Procent ludzi z każdym wynikiem
Percentyl według liczby udzielonych odpowiedzi
Twoja historia wyników
Nie rozwiązałeś tego quizu